| 000 | 00339nam a22001337a 4500 | ||
|---|---|---|---|
| 020 | _qPB. | ||
| 040 | _cFIZZA ISHAQ | ||
| 082 |
_a385.9 _bGHQ. |
||
| 100 |
_aGHQ. _938260 |
||
| 245 |
_aTHE KASHMIR CAMPAIGN 1947-48 / _cGHQ. |
||
| 260 |
_aRAWALPINDI PAKISTAN ; _bSERVICE BOOK CLUB, _c2006. |
||
| 300 |
_a312 P. ; _c9.2X5.9IN |
||
| 942 |
_2ddc _cBK |
||
| 999 |
_c616201 _d616201 |
||